India's foreign policy : (Record no. 78311)
[ view plain ]
| 000 -LEADER | |
|---|---|
| fixed length control field | 00762nam a22002297a 4500 |
| 005 - DATE AND TIME OF LATEST TRANSACTION | |
| control field | 20130912113914.0 |
| 010 ## - LCCN (DPL NO) | |
| LC control number | ENG-108216 |
| 020 ## - INTERNATIONAL STANDARD BOOK NUMBER | |
| Terms of availability | 1095.00 |
| International Standard Book Number | 9780198081746 |
| 020 ## - INTERNATIONAL STANDARD BOOK NUMBER | |
| Terms of availability | 1095.00 |
| International Standard Book Number | 019808174x |
| 035 ## - SYSTEM CONTROL NUMBER | |
| System control number | EN-91749 |
| 037 ## - SOURCE OF ACQUISITION | |
| Source of stock number/acquisition | DBAD/PUB |
| 082 ## - DEWEY DECIMAL CLASSIFICATION NUMBER | |
| Classification number | 327.54 |
| 245 ## - TITLE STATEMENT | |
| Title | India's foreign policy : |
| Statement of responsibility, etc | edited by Kanti P. Bajpai [and] Harsh V.Pant |
| Remainder of title | a reader / |
| 260 ## - PUBLICATION, DISTRIBUTION, ETC. (IMPRINT) | |
| Place of publication, distribution, etc | New Delhi |
| Name of publisher, distributor, etc | Oxford University Press |
| Date of publication, distribution, etc | 2013 |
| 270 ## - ADDRESS | |
| Address | YMCA Library Building, 1 Jai Singh Road, |
| City | New Delhi |
| Postal code | 110001 |
| 300 ## - PHYSICAL DESCRIPTION | |
| Extent | x,452p. |
| Dimensions | 22cm(Hb) |
| 490 ## - SERIES STATEMENT | |
| Series statement | Critical issues in Indian politics |
| 500 ## - GENERAL NOTE | |
| General note | Includes bibliographical reference and index |
| 700 ## - ADDED ENTRY--PERSONAL NAME | |
| Personal name | Bajpai, Kanti P. |
| 700 ## - ADDED ENTRY--PERSONAL NAME | |
| Personal name | Pant, Harsh V. |
| 942 ## - ADDED ENTRY ELEMENTS (KOHA) | |
| Source of classification or shelving scheme | Dewey Decimal Classification |
| Item type | English Books |
| Call number suffix | IND |
| Classification part | 327.54 |
| Withdrawn status | Lost status | Not for loan | Collection code | Home library | Current library | Date acquired | Source of acquisition | Cost, normal purchase price | Full call number | Barcode | Copy number | Cost, replacement price | Koha item type |
|---|---|---|---|---|---|---|---|---|---|---|---|---|---|
| Not For Loan | Non-fiction | D.B.Act.Division | D.B.Act.Division | 02/08/2013 | DBAD/PUB | 1095.00 | 327.54 IND | EN-91749 | 1 | 1095.00 | English Books |
